000 00491nam a22001817a 4500
999 _c6900
_d6900
003 OSt
005 20210506113248.0
008 210506b ||||| |||| 00| 0 eng d
020 _a9780123751522
040 _cDDC
082 _a571.6CEL 2010.
100 _aEdited by Kreitzer,Jaulin,Fanny;Espenel,Cedic ;
_914150
245 _aCell Biology Assays: Essential Methods.
260 _aBoston,
_bElsevier,
_c2010.
300 _axi,286p;
_bill,
_c25cm.,
504 _aindex
942 _2ddc
_cO_SHELF